Úvod

Gespeichert in:
Bibliographische Detailangaben
1. Verfasser: Foltínová, Alžbeta
Format: Buchkapitel
Sprache:Slowakisch
Tags: Tag hinzufügen
Keine Tags, Fügen Sie das erste Tag hinzu!

MARC

LEADER 00000nla a2200000 4500
001 0191207
005 20240522124632.7
041 0 |a slo 
044 |a SK 
245 1 0 |a Úvod  |c Alžbeta Foltínová 
100 1 |a Foltínová, Alžbeta